• 首页
  • 本馆介绍
  • 公告通知
  • 最新文献
  • 馆藏检索
  • 电子资源
  • 读者导购
  • 参考咨询
  • 我的图书馆
  • 登录
  • 详细信息显示
  • 放入我的书架
  • 预约/预借图书
  • 作者相关作品
  • 分类相关作品
  • 丛书相关作品
  • 出版社相关作品

书目信息

  • 表格格式
  • 工作单格式
  • 卡片格式
题名:
分形的哲学漫步
    
 
作者: 林夏水 著
分册:  
出版信息: 北京   首都师范大学出版社  1999
页数: 304页
开本: 20cm
丛书名: 新世纪·新视角丛书
单 册:
中图分类: O189.12 , O189.12
科图分类:
主题词: 分形理论--研究 , 几何 , 拓扑
电子资源:
ISBN: 7-81064-081-X
000 00702nam0 2200253 450
001 0742944879
005 20070729095342.46
010    @a7-81064-081-X@dCNY21.00
100    @a20070725d1999 km y0chiy0120 ea
101 0  @achi
102    @aCN@b110000
200 1  @a分形的哲学漫步@Afen xing de zhe xue man bu@f林夏水等著@Flin xia shui deng zhu
210    @a北京@c首都师范大学出版社@d1999
215    @a304页@d20cm
225 2  @a新世纪·新视角丛书
410  0 @12001 @a新世纪·新视角丛书
606 0  @a分形理论@x研究
606 0  @a几何
606 0  @a拓扑
690    @aO189.12@v3
690    @aO189.12@v3
701  0 @a林夏水@Alin xia shui@4著
801  0 @aCN@bPFT@c20070729
905    @a10447@dO189.12@e49
    
    分形的哲学漫步/林夏水等著.-北京:首都师范大学出版社,1999
    304页;20cm.-(新世纪·新视角丛书)
    
    
    ISBN 7-81064-081-X:CNY21.00
    
●
相关链接 在E读中查询图书 在五车中查询图书 在当当中查询图书 在豆瓣中查询图书


正题名:分形的哲学漫步     索取号:O189.12/49         预约/预借

序号 登录号 条形码 馆藏地/架位号 状态 备注
1 0784026   207840265   第二样本阅览室/ [索取号:O189.12/49] 在馆    
2 0784027   207840274   第三借阅区/ [索取号:O189.12/49] 在馆    
3 0784028   207840283   第三借阅区/ [索取号:O189.12/49] 在馆    
4 0784029   207840292   第三借阅区/ [索取号:O189.12/49] 在馆    
5 0784030   207840309   第三借阅区/ [索取号:O189.12/49] 在馆    
6 0784031   207840318   第三借阅区/ [索取号:O189.12/49] 在馆    
7 0784032   207840327   第三借阅区/ [索取号:O189.12/49] 在馆    
8 0784033   207840336   第三借阅区/ [索取号:O189.12/49] 在馆    
9 0784034   207840345   第三借阅区/ [索取号:O189.12/49] 在馆    
10 0784364   207843645   第三借阅区/ [索取号:O189.12/49] 在馆    
唐山师范学院图书馆 欢迎您!
大连网信软件有限公司© 版权所有